| 000 -LEADER | |
|---|---|
| fixed length control field | 00365nam a22001577a 4500 |
| 005 - DATE AND TIME OF LATEST TRANSACTION | |
| control field | 20181006120401.0 |
| 008 - FIXED-LENGTH DATA ELEMENTS--GENERAL INFORMATION | |
| fixed length control field | 181006b xxu||||| |||| 00| 0 eng d |
| 020 ## - INTERNATIONAL STANDARD BOOK NUMBER | |
| ISBN | 978-81-7956-165-2 |
| 041 ## - LANGUAGE CODE | |
| Language code of text/sound track or separate title | eng |
| 100 ## - MAIN ENTRY--AUTHOR NAME | |
| Personal name | Verma,B.P |
| 245 ## - TITLE STATEMENT | |
| Title | Roof Bolting |
| 260 ## - PUBLICATION, DISTRIBUTION, ETC. (IMPRINT) | |
| Place of publication | Dhanbad |
| Name of publisher | Lovely Prakshan |
| Year of publication | 2018 |
| 300 ## - PHYSICAL DESCRIPTION | |
| Number of Pages | 200 |
| 650 ## - SUBJECT ADDED ENTRY--TOPICAL TERM | |
| Topical Term | Mining |
| 942 ## - ADDED ENTRY ELEMENTS (KOHA) | |
| Koha item type | Books |
| Lost status | Damaged status | Collection code | Home library | Current library | Shelving location | Date acquired | Source of acquisition | Cost, normal purchase price | Accession Number | Koha item type | Full call number |
|---|---|---|---|---|---|---|---|---|---|---|---|
| MINING | JRU Library | SHELF-6-B | 06/10/2018 | Purchase | 500.00 | 22445 | Books | ||||
| MINING | JRU Library | SHELF-6-B | 06/10/2018 | Purchase | 500.00 | 22446 | Books | ||||
| MINING | JRU Library | JRU Library | SHELF-94-F | 03/11/2023 | PURCHASE [LBI/000225] 29/10/2023 | 500.00 | 28031 | Books | 622.2 | ||
| MINING | JRU Library | JRU Library | SHELF-94-E | 03/11/2023 | PURCHASE [LBI/000225] 29/10/2023 | 500.00 | 28032 | Books | 622.2 | ||
| MINING | JRU Library | JRU Library | SHELF-94-E | 03/11/2023 | PURCHASE [LBI/000225] 29/10/2023 | 500.00 | 28033 | Books | 622.2 | ||
| MINING | JRU Library | JRU Library | SHELF-94-E | 03/11/2023 | PURCHASE [LBI/000225] 29/10/2023 | 500.00 | 28034 | Books | 622.2 | ||
| MINING | JRU Library | JRU Library | SHELF-94-E | 03/11/2023 | PURCHASE [LBI/000225] 29/10/2023 | 500.00 | 28035 | Books | 622.2 |